Formule 1 - Quiz pilote : George Russell - Statistiques

Statistiques générales
  • Ce quiz a été pris 162 fois
    12 depuis la dernière actualisation
  • Le résultat moyen est 12 sur 17
Statistiques - réponses
Hint Réponse % Correct
Informations de base Arrivée en Formule 1 (année) 2019
100%
Victoire Nombre de victoire totale 6
100%
Coéquipiers 2025 Andrea Kimi Antonelli
100%
Coéquipiers 2022 - 2024 Lewis Hamilton
100%
Écuries pour lesquelles il a conduit Depuis 2022 Mercedes
100%
Écuries pour lesquelles il a conduit 2019 - 2021 Williams
100%
Championnat du monde Nombres de titre pilote 0
90%
Championnat du monde Nombres de titre constructeur 0
90%
Informations de base Numéro de pilote 63
90%
Informations de base Nationalité (sportive) Angleterre
80%
Coéquipiers 2020 - 2021 Nicholas Latifi
60%
Coéquipiers 2019 Robert Kubica
50%
Informations de base Nom complet George William Russell
40%
Victoire 1ère victoire Grand Prix du Brésil 2022
40%
Informations de base Date de naissance 15 février 1998
30%
Autres De quelle association d'automobile est-il président ? Grand Prix Drivers' Association
20%
Coéquipiers 2020 Jack Aitken
20%
Aucun quiz correspondant
Distribution des résultats
% des personnes avec chaque résultat
Percentile par nombre de réponses
Votre historique - résultats
Vous n’avez pas pris ce quiz depuis la dernière actualisation